Geology and ground-water resources of Meade County, Kansas / (Record no. 27879)
[ view plain ]
| 000 -LEADER | |
|---|---|
| fixed length control field | 01895cam a22003491i 4500 |
| 001 - CONTROL NUMBER | |
| control field | gs 43000023 |
| 003 - CONTROL NUMBER IDENTIFIER | |
| control field | DLC |
| 005 - DATE AND TIME OF LATEST TRANSACTION | |
| control field | 20260227111348.0 |
| 008 - FIXED-LENGTH DATA ELEMENTS--GENERAL INFORMATION | |
| fixed length control field | 780227s1942 ksuab 000 0 eng c |
| 010 ## - LIBRARY OF CONGRESS CONTROL NUMBER | |
| LC control number | gs 43000023 |
| 035 ## - SYSTEM CONTROL NUMBER | |
| System control number | (OCoLC)3674037 |
| 040 ## - CATALOGING SOURCE | |
| Original cataloging agency | U. S. Geol. survey. Library. |
| Transcribing agency | TxEU |
| Modifying agency | OCoLC |
| -- | DLC |
| 042 ## - AUTHENTICATION CODE | |
| Authentication code | premarc |
| 050 00 - LIBRARY OF CONGRESS CALL NUMBER | |
| Classification number | QE113 |
| Item number | .A2 no. 45 |
| 082 ## - DEWEY DECIMAL CLASSIFICATION NUMBER | |
| Classification number | (557.81) |
| -- | 557.81 |
| 100 1# - MAIN ENTRY--PERSONAL NAME | |
| Personal name | Frye, John Chapman, |
| Dates associated with a name | 1912- |
| 245 10 - TITLE STATEMENT | |
| Title | Geology and ground-water resources of Meade County, Kansas / |
| Statement of responsibility, etc. | by John C. Frye ; with analyses by Robert H. Hess and Elza O. Holmes. |
| 260 ## - PUBLICATION, DISTRIBUTION, ETC. | |
| Place of publication, distribution, etc. | Topeka : |
| Name of publisher, distributor, etc. | Printed by Kansas State printing plant, |
| Date of publication, distribution, etc. | 1942. |
| 300 ## - PHYSICAL DESCRIPTION | |
| Extent | 152 p. : |
| Other physical details | incl. illus., tables, diagrs., maps (3 fold. in pocket) ; |
| Dimensions | 23 cm. |
| 490 0# - SERIES STATEMENT | |
| Series statement | Kansas. State geological survey. Bulletin 45 |
| 500 ## - GENERAL NOTE | |
| General note | University of Kansas publications, December 1942. |
| 500 ## - GENERAL NOTE | |
| General note | At head of title: State geological survey of Kansas, Raymond C. Moore ...state geologist and director, John C. Frye ...assistant state geologist and assistant director. Division of ground water, Stanley W. Lohman, geologist in charge. |
| 500 ## - GENERAL NOTE | |
| General note | "Prepared by the United States Geological survey and the State geological survey of Kansas, with the cooperation of the Division of sanitation of the Kansas State board of health, and the Division of waterr resources of the Kansas State board of agriculture." |
| 501 ## - WITH NOTE | |
| With note | With : Geology and ground-water resources of Ford County, Kansas / by Herbert A. Waite, 1942. Bound together subsequent to publication. |
| Institution to which field applies | DLC |
| 504 ## - BIBLIOGRAPHY, ETC. NOTE | |
| Bibliography, etc. note | "References": p. 112-115. |
| 650 #0 - SUBJECT ADDED ENTRY--TOPICAL TERM | |
| Topical term or geographic name entry element | Geology |
| Geographic subdivision | Kansas |
| -- | Meade County. |
| 650 #0 - SUBJECT ADDED ENTRY--TOPICAL TERM | |
| Topical term or geographic name entry element | Water-supply |
| Geographic subdivision | Kansas |
| -- | Meade County. |
| 650 #0 - SUBJECT ADDED ENTRY--TOPICAL TERM | |
| Topical term or geographic name entry element | Groundwater |
| Geographic subdivision | Kansas |
| -- | Meade County. |
| 700 12 - ADDED ENTRY--PERSONAL NAME | |
| Personal name | Hess, Robert Harlan, |
| Dates associated with a name | 1910- . |
| 700 12 - ADDED ENTRY--PERSONAL NAME | |
| Personal name | Holmes, Elza Orville, |
| Dates associated with a name | 1910- . |
| 710 2# - ADDED ENTRY--CORPORATE NAME | |
| Corporate name or jurisdiction name as entry element | Geological Survey (U.S.) |
No items available.